| 000 | 00788cam a22002535a 4500 | ||
|---|---|---|---|
| 001 | 007354910 | ||
| 005 | 20180321142859.0 | ||
| 008 | 990301t1999 maua fr 001 0 eng d | ||
| 020 | _a0201357488 | ||
| 020 | _a9780201357486 | ||
| 040 |
_aStDuBDS _dUk _dEG-ScBUE _beng |
||
| 082 | 0 | 4 |
_222 _a005.133 _bHAN |
| 100 | 1 |
_918083 _aHanly, Jeri R. |
|
| 245 | 1 | 0 |
_aProblem solving and program design in C / _cJeri R. Hanly, Elliot B. Koffman. |
| 250 | _a3rd ed. | ||
| 260 |
_aReading ; _aHarlow : _bAddison-Wesley, _cc.1999. |
||
| 300 |
_a1 v. (various pagings) : _bill. ; _c24cm. |
||
| 500 | _aIncludes index. | ||
| 650 | 7 |
_aC (Computer program language) _2BUEsh _93405 |
|
| 651 | _2BUEsh | ||
| 653 |
_bGGEN _bCOMSCI _cMarch2018 |
||
| 700 | 1 | _aKoffman, Elliot B. | |
| 942 | _2ddc | ||
| 999 |
_c26274 _d26246 |
||